|
|
|
|
| LEADER |
00000nab a2200000 ar4500 |
| 001 |
vtls009000352 |
| 003 |
SK-MaSNL |
| 005 |
20260305040740.0 |
| 008 |
070619c2006 xo mr|p|||||||000 b|slo |
| 038 |
|
|
|a SNSK
|
| 040 |
|
|
|b slo
|c SNSK
|e AACR2
|
| 041 |
|
|
|a slo
|
| 044 |
|
|
|a xo
|c SK
|
| 080 |
|
|
|a 373.3
|x (437.6)
|2 2001
|
| 100 |
1 |
|
|a Sviteková, Angela
|4 aut
|9 841455
|
| 245 |
1 |
0 |
|a V bývalom kaštieli chcú zachovať školu
|c Angela Sviteková
|
| 300 |
|
|
|b Fotogr.
|
| 610 |
2 |
7 |
|a Základná škola (Granč-Petrovce, Slovensko)
|2 snsk
|9 1620653
|
| 650 |
0 |
7 |
|a základné školy
|2 snsk
|9 1280
|
| 651 |
|
7 |
|a Granč-Petrovce (Slovensko)
|2 snsk
|9 59004
|
| 651 |
|
7 |
|a Levoča (Slovensko : okres)
|2 snsk
|9 30131
|
| 773 |
0 |
|
|t Spišské hlasy
|g Roč. VII., č. 6 (2006), s. 1
|
| 852 |
|
|
|a SNSK
|b KIS3GCP
|
| 999 |
|
|
|c 3340139
|d 3342069
|